[Event "GER-ch U18 Girls"]
[Site "Willingen"]
[Date "2024.05.19"]
[Round "1"]
[White "Schmidt, Luise"]
[Black "Hubert, Charlotte"]
[Result "1/2-1/2"]
[WhiteElo "1665"]
[BlackElo "1893"]
[PlyCount "60"]
[EventDate "2024.05.19"]
[EventType "swiss"]
[EventRounds "9"]
[EventCountry "GER"]
[SourceTitle "CBM 220 Extra"]
[Source "ChessBase"]
[SourceDate "2024.07.31"]
[SourceVersion "1"]
[SourceVersionDate "2024.07.31"]
[SourceQuality "1"]

1. d4 Nf6 2. c4 e6 3. Nc3 Bb4 4. Qc2 0-0 5. a3 Bxc3+ 6. Qxc3 d5 7. Nf3 dxc4 8. Qxc4 b6 9. Bg5 Bb7 10. e3 Nbd7 11. Be2 h6 12. Bh4 Rc8 13. 0-0 c5 14. Rfd1 Qe7 15. Qa4 Bc6 16. Qxa7 g5 17. Bg3 Ra8 18. Qc7 Rfc8 19. Qd6 Qe8 20. dxc5 Ne4 21. Qd4 Ndxc5 22. Qb4 Ba4 23. Rf1 Qd8 24. Bd1 Nxg3 25. hxg3 Nd3 26. Qd2 e5 27. Bxa4 Rxa4 28. Rfd1 e4 29. Ne5 Qf6 30. Nxd3 exd3 1/2-1/2

[Event "GER-chT U20 Girls"]
[Site "Magdeburg"]
[Date "2023.12.29"]
[Round "5.4"]
[White "Schmidt, Luise"]
[Black "Alferova, Emily"]
[Result "0-1"]
[WhiteElo "1465"]
[BlackElo "1589"]
[PlyCount "126"]
[EventDate "2023.12.26"]
[EventType "team-swiss"]
[EventRounds "7"]
[EventCountry "GER"]
[SourceTitle "CBM 218 Extra"]
[Source "ChessBase"]
[SourceDate "2024.03.31"]
[SourceVersion "1"]
[SourceVersionDate "2024.03.31"]
[SourceQuality "1"]
[WhiteTeam "Koenigsjaeger Sued West"]
[BlackTeam "Garching"]
[WhiteTeamCountry "GER"]
[BlackTeamCountry "GER"]

1. d4 Nf6 2. c4 e6 3. Nc3 Bb4 4. Qc2 0-0 5. a3 Bxc3+ 6. Qxc3 b6 7. Bg5 Bb7 8. Nf3 d6 9. g3 h6 10. Bf4 Nbd7 11. Bg2 Qe7 12. 0-0 Rac8 13. Nd2 Bxg2 14. Kxg2 d5 15. Rfe1 c5 16. Nf3 cxd4 17. Qxd4 Rxc4 18. Qd3 e5 19. e4 exf4 20. exd5 Qc5 21. Rad1 fxg3 22. hxg3 Rc2 23. Qd4 Qxd4 24. Nxd4 Rxb2 25. Nc6 Rb5 26. d6 Re8 27. Re7 Kf8 28. Nxa7 Rc5 29. Rxe8+ Nxe8 30. a4 Nef6 31. Nb5 Rd5 32. Rc1 Nc5 33. a5 bxa5 34. Nc7 Nd3 35. Rc6 Nb4 36. Rb6 Nd7 37. Nxd5 Nxb6 38. Nxb6 Ke8 39. Kf3 Na6 40. Ke3 Nc5 41. Kd4 Nd7 42. Nd5 Nf6 43. Nb6 g5 44. f3 h5 45. Ke3 Nd7 46. Nc4 a4 47. Ke4 f6 48. f4 gxf4 49. Kxf4 Ne5 50. Na3 Kf7 51. Nb5 Ke6 52. Ke4 Nf7 53. d7 Kxd7 54. Kd3 f5 55. Nd4 Nd6 56. Kc2 Ke7 57. Kb2 Kf6 58. Ka3 Ne4 59. Ne2 Kg5 60. Kxa4 Kg4 61. Kb3 Nxg3 62. Ng1 f4 63. Kc3 f3 0-1

[Event "GER-chT U20 Girls"]
[Site "Magdeburg"]
[Date "2023.12.28"]
[Round "3.3"]
[White "Schmidt, Luise"]
[Black "Neumeier, Valentina"]
[Result "1-0"]
[WhiteElo "1465"]
[BlackElo "1546"]
[PlyCount "111"]
[EventDate "2023.12.26"]
[EventType "team-swiss"]
[EventRounds "7"]
[EventCountry "GER"]
[SourceTitle "CBM 218 Extra"]
[Source "ChessBase"]
[SourceDate "2024.03.31"]
[SourceVersion "1"]
[SourceVersionDate "2024.03.31"]
[SourceQuality "1"]
[WhiteTeam "Koenigsjaeger Sued West"]
[BlackTeam "Kelheim"]
[WhiteTeamCountry "GER"]
[BlackTeamCountry "GER"]

1. d4 d5 2. c4 e6 3. Nc3 Nf6 4. cxd5 exd5 5. Bg5 Be7 6. e3 c6 7. Bd3 Nbd7 8. Qc2 0-0 9. Nf3 Re8 10. 0-0 h6 11. Bh4 Ne4 12. Bxe7 Qxe7 13. Rab1 g5 14. Nd2 Ndf6 15. Ndxe4 Nxe4 16. Nxe4 dxe4 17. Bc4 h5 18. f3 exf3 19. Qg6+ Kf8 20. Rxf3 Be6 21. Bxe6 Qxe6 22. Rxf7+ Qxf7 23. Rf1 Qxf1+ 24. Kxf1 Rxe3 25. Qf6+ Ke8 26. Qh8+ Kd7 27. Qxa8 Kc7 28. Qxa7 Re4 29. Qa5+ b6 30. Qxg5 Rxd4 31. Qe5+ Rd6 32. Qxh5 Rd2 33. Qe5+ Rd6 34. g4 Kd7 35. g5 Re6 36. Qd4+ Ke7 37. Qxb6 Rg6 38. h4 Kd7 39. Qe3 Re6 40. Qxe6+ Kxe6 41. a4 Kd7 42. a5 Kd8 43. a6 Kc7 44. g6 Kb6 45. g7 Kxa6 46. g8Q Kb5 47. Ke2 Kc5 48. h5 Kb5 49. h6 Kb6 50. h7 Kb5 51. h8R Kb6 52. Qc4 Kb7 53. Rh7+ Kb6 54. Qb4+ Ka6 55. Rb7 c5 56. Qb6# 1-0

[Event "GER-chT U20 Girls"]
[Site "Magdeburg"]
[Date "2023.12.27"]
[Round "1.9"]
[White "Schmidt, Luise"]
[Black "Korshak, Sofiia"]
[Result "0-1"]
[WhiteElo "1465"]
[BlackElo "1435"]
[PlyCount "36"]
[EventDate "2023.12.26"]
[EventType "team-swiss"]
[EventRounds "7"]
[EventCountry "GER"]
[SourceTitle "CBM 218 Extra"]
[Source "ChessBase"]
[SourceDate "2024.03.31"]
[SourceVersion "1"]
[SourceVersionDate "2024.03.31"]
[SourceQuality "1"]
[WhiteTeam "Koenigsjaeger Sued West"]
[BlackTeam "Stuttgart Strateg"]
[WhiteTeamCountry "GER"]
[BlackTeamCountry "GER"]

1. d4 Nf6 2. c4 a6 3. Nc3 b5 4. cxb5 axb5 5. Nxb5 c5 6. e3 Ba6 7. a4 cxd4 8. Qxd4 Nc6 9. Qf4 e5 10. Qc4 Rc8 11. Bd3 d5 12. Nc7+ Qxc7 13. Qxa6 Bb4+ 14. Bd2 Bxd2+ 15. Kxd2 0-0 16. Rc1 Qd6 17. Qb6 Ne4+ 18. Ke2 Nd4+ 0-1

[Event "GER-ch (Women)"]
[Site "Magdeburg"]
[Date "2023.07.09"]
[Round "7"]
[White "Schmidt, Luise"]
[Black "Shynkar, Daria"]
[Result "1/2-1/2"]
[WhiteElo "1366"]
[BlackElo "1179"]
[PlyCount "41"]
[EventDate "2023.07.05"]
[EventType "swiss"]
[EventRounds "7"]
[EventCountry "GER"]
[SourceTitle "CBM 215 Extra"]
[Source "ChessBase"]
[SourceDate "2023.09.30"]
[SourceVersion "1"]
[SourceVersionDate "2023.09.30"]
[SourceQuality "1"]

1. d4 Nf6 2. c4 e6 3. Nc3 Bb4 4. Qc2 0-0 5. a3 Bxc3+ 6. Qxc3 c6 7. Nf3 d5 8. Bg5 h6 9. Bh4 Nbd7 10. e3 a6 11. a4 Re8 12. Bd3 Nf8 13. 0-0 Bd7 14. Rfe1 Rc8 15. Qb3 dxc4 16. Qxc4 b5 17. axb5 axb5 18. Qc5 N8h7 19. Ne5 g5 20. Bg3 Nf8 21. Ra7 1/2-1/2

[Event "GER-ch (Women)"]
[Site "Magdeburg"]
[Date "2023.07.07"]
[Round "4"]
[White "Allahverdi, Maryam"]
[Black "Schmidt, Luise"]
[Result "0-1"]
[WhiteElo "1672"]
[BlackElo "1366"]
[PlyCount "108"]
[EventDate "2023.07.05"]
[EventType "swiss"]
[EventRounds "7"]
[EventCountry "GER"]
[SourceTitle "CBM 215 Extra"]
[Source "ChessBase"]
[SourceDate "2023.09.30"]
[SourceVersion "1"]
[SourceVersionDate "2023.09.30"]
[SourceQuality "1"]

1. e4 e5 2. Nf3 Nc6 3. Bb5 Nf6 4. 0-0 d6 5. Re1 a6 6. Ba4 Bd7 7. c3 Be7 8. h3 0-0 9. d4 Re8 10. Nbd2 Bf8 11. Bb3 b5 12. a4 Na5 13. Bc2 c5 14. d5 c4 15. Nf1 Nb7 16. axb5 axb5 17. Be3 Qc7 18. Ng3 Nc5 19. Bxc5 Qxc5 20. Qd2 Be7 21. Red1 Ra7 22. Qe3 Qxe3 23. fxe3 Rea8 24. Rxa7 Rxa7 25. Ne2 Bd8 26. Rb1 Bb6 27. Kf2 Kf8 28. Nc1 h6 29. Nd2 g5 30. b3 g4 31. bxc4 gxh3 32. gxh3 Bxh3 33. Rxb5 Bc5 34. Ndb3 Ng4+ 35. Kg3 Nxe3 36. Bd3 Bf1 37. Bxf1 Nxf1+ 38. Kf3 Rc7 39. Nd3 Ba7 40. c5 Bxc5 41. Ndxc5 dxc5 42. Nxc5 Nd2+ 43. Kg4 Nc4 44. Kf5 Nd6+ 45. Kxe5 Nxb5 46. Na6 Rxc3 47. d6 Nxd6 48. Kxd6 h5 49. Nb4 h4 50. Nd5 Rd3 51. Ke5 Rxd5+ 52. exd5 h3 53. d6 h2 54. d7 Ke7 0-1

[Event "GER-chT U16 Girls"]
[Site "Neumuenster"]
[Date "2022.12.28"]
[Round "4"]
[White "Ahrens, Merle"]
[Black "Schmidt, Luise"]
[Result "1/2-1/2"]
[WhiteElo "1072"]
[BlackElo "1396"]
[PlyCount "53"]
[EventDate "2022.12.26"]
[EventType "team-swiss"]
[EventRounds "7"]
[EventCountry "GER"]
[SourceTitle "CBM 212 Extra"]
[Source "ChessBase"]
[SourceDate "2023.03.31"]
[SourceVersion "1"]
[SourceVersionDate "2023.03.31"]
[SourceQuality "1"]
[WhiteTeam "Elmshorn"]
[BlackTeam "Koenigsjaeger Sued West"]
[WhiteTeamCountry "GER"]
[BlackTeamCountry "GER"]

1. d4 d5 2. c4 e6 3. Nc3 Nf6 4. Bg5 Be7 5. e3 h6 6. Bxf6 Bxf6 7. Nf3 b6 8. cxd5 exd5 9. Rc1 0-0 10. a3 Bb7 11. g3 Nd7 12. Bg2 Be7 13. 0-0 Nf6 14. Nd2 Qd7 15. Ndb1 Rfd8 16. Qd3 Rab8 17. Rc2 Bf8 18. Rfc1 Re8 19. Qd1 Bd6 20. a4 Ne4 21. Nb5 c5 22. Bxe4 Rxe4 23. Nxd6 Qxd6 24. dxc5 bxc5 25. Rxc5 Rd8 26. Rc7 Qb6 27. Qc2 1/2-1/2

[Event "GER-chT U14 Girls"]
[Site "Willingen"]
[Date "2021.06.25"]
[Round "3.2"]
[White "Sinner, Joselyne"]
[Black "Schmidt, Luise"]
[Result "0-1"]
[WhiteElo "1409"]
[BlackElo "1390"]
[PlyCount "112"]
[EventDate "2021.06.23"]
[EventType "team-swiss"]
[EventRounds "7"]
[EventCountry "GER"]
[SourceTitle "EXT 2022"]
[Source "ChessBase"]
[SourceDate "2021.10.06"]
[SourceVersion "1"]
[SourceVersionDate "2021.10.06"]
[SourceQuality "1"]
[WhiteTeam "Porz SG"]
[BlackTeam "Weisse Dame"]
[WhiteTeamCountry "GER"]
[BlackTeamCountry "GER"]

1. e4 d5 2. exd5 Qxd5 3. Nc3 Qa5 4. d4 c6 5. Nf3 Nf6 6. Bc4 Bf5 7. Bd2 Qd8 8. Ne5 e6 9. Bg5 Be7 10. g4 Bg6 11. h4 Nd5 12. Bxe7 Qxe7 13. Qf3 Nd7 14. 0-0-0 Nxe5 15. dxe5 h5 16. g5 Bf5 17. Qg3 0-0-0 18. Rhe1 Qb4 19. Nxd5 cxd5 20. Bd3 Bxd3 21. Qxd3 Qxh4 22. Qe3 Qa4 23. a3 Kb8 24. Rd4 Qc6 25. Qb3 Rc8 26. Re3 Qc5 27. Rb4 Qe7 28. f4 h4 29. Kb1 Rc7 30. Rh3 Qd7 31. Ka1 Qc8 32. Kb1 Rc4 33. Rxc4 Qxc4 34. Qxc4 dxc4 35. a4 b6 36. Kc1 Kc7 37. Kd2 a6 38. Kc3 b5 39. Kb4 Kb6 40. b3 a5+ 41. Kc3 cxb3 42. cxb3 bxa4 43. bxa4 Kc5 44. Kd3 Kb4 45. f5 g6 46. f6 Rh5 47. Kd4 Rxg5 48. Rxh4 Rh5 49. Re4 Kxa4 50. Kc5+ Kb3 51. Kb5 a4 52. Re3+ Kc2 53. Kxa4 Kd2 54. Rb3 g5 55. Rb7 Rh7 56. Rb4 Rh4 0-1